000 01392nam a2200313 4500
003 CO-CtgCURN
005 20250329165429.0
008 160531s2009 000 0 eng d
040 _aCO-CtgCURN
_bspa
_ccoctgcurn
082 0 _aENF 2009
_bR175
100 1 _aRamos Hoyos, J.
245 1 0 _aMarcadores de sindrome metabolico en estudiantes de la Corporacion Universitaria Rafael Nuñez /
_cJ. Ramos Hoyos, G. Abrahams, G. Jimenez ; director, Andres Bedoya O.
260 _aCartagena de Indias :
_bCorporación Universitaria Rafael Núñez,
_c2009.
300 _a163 h.
336 _2rdacontent
337 _2rdamedia
_asin mediacion
_bn
338 _2rdacarrier
_avolumen
_bnc
500 _aIncluye anexos.
502 _aTrabajo de grado (Enfermera (o)). Corporacion Universitaria Rafael Nuñez. Facultad de Ciencias de la Salud. Programa de Enfermeria, 2009.
504 _aIncluye bibliografia.
590 _aEnfemeria
650 0 _aEnfermeria
_vTesis y disertaciones academicas.
700 1 _aAbrahams, G.
700 1 _aJimenez, G.
700 1 _aBedoya O., Andres,
_edirector.
856 7 _uhttps://unicurn.sharepoint.com/:b:/s/biblioteca/EXAgvm3q7JVBsgcAlsyqwvABLxY47OGbQkuuo-zSmj9OAw?e=mJbqde
_zClick aqui para ver el recurso en texto completo
942 _hENF 2009
_iR175
_2ddc
_cTG
999 _c3747
_d3747